000 00453nam a2200181Ia 4500
001 24814
005 20260414151108.0
008 260414t2023||||xx |||||||||||||| ||spa||
041 _aESP
082 _a346
_bC78T T. 3
100 _aCorvalán, Juan G.,
_eAUT
245 0 _aTratado de inteligencia artificial y derecho
_b
260 _c2023
300 _axxiv, 681 páginas :
_c25 cm.
650 _aDER
654 _aCDE
942 _cLIB
_dJUS
_fJUS
_2ddc
_n
999 _c24814
_d24814